Statistiques concernant Quiz PNL

Cliquez ici pour prendre le quiz!

Statistiques générales

  • Ce quiz a été pris 358 fois
  • Le résultat moyen est 8 sur 10

Statistiques - réponses

HintRéponse% Correct
Sur quel monument connu le clip AU DD a été tournéLa Tour Eiffel
94%
Son le plus streaméAu DD
91%
Prénom de NOSNabil
91%
Prénom de AdemoTarik
91%
Quel animal ont ils envoyé durant leur planète rapSinge
85%
Complète les paroles :"Ce soir je fume un gros gros..."Teh
85%
Que veut dire PNLPeace N Lové
77%
Premier AlbumQue la famille
76%
Leur nom de familleAndrieu
64%
Dans quelle ville ont ils grandisCorbeil-Essonnes
40%

Distribution des résultats

Percentile par nombre de réponses

% des personnes avec chaque résultat

Votre développement - résultats

Vous n’avez pas pris ce quiz